00936cas a22002657a 450000500170000000800410001701000100005801100100006803500100007824501220008826001110021030000070032131000180032836200150034659000410036159000410040259000410044359000420048465000520052686600230057886600220060190100070062390500230063099900170065320231010062645.0000621d1986 us qr pernn 0 b1eng d a81655 a82627 a9312604aThe Common Property Resources Digestc/University of Minnesota. Center for International Food and Agricultural Policy0 aSaint Paul, Minnesota :bUniversity of Minnesota. Department of Agricultural and Applied Economics,c1986- av. aCuatrimestral an.24, 1992 aBATCH-UPDb10c20130110lUCH01h0214 aBATCH-UPDb10c20130409lUCH01h2230 aBATCH-UPDb10c20130913lUCH01h2116 aCONVERSIONb10c20130109lUCH01h134517aAgriculturaxPublicaciones periódicas291772 an.1-18 (1986-1991) an.21,23-25 (1992) aSE aLilia Sánchez G. c81655d81655